Diseño de un sistema externo de protección contra descargas atmosféricas y su malla de puesta a tierra para el Hospital San Juan de Dios

সংরক্ষণ করুন:
গ্রন্থ-পঞ্জীর বিবরন
প্রধান লেখক: Díaz Varela, Fabián Eugenio, 1979-
অন্যান্য লেখক: Romero Chacón, Jorge Arturo, 1961- Director del TFG
বিন্যাস: গ্রন্থ
ভাষা:Spanish
প্রকাশিত: [San José, Costa Rica] 2013
বিষয়গুলি:
ট্যাগগুলো: ট্যাগ যুক্ত করুন
কোনো ট্যাগ নেই, প্রথমজন হিসাবে ট্যাগ করুন!

MARC

LEADER 00000nam a22000007a 4500
003 011921
005 20230816120001.0
008 150313b2013 cr a|||| |||| 00| 0 spa d
040 |c cru CEDI  
100 |9 1081  |a Díaz Varela, Fabián Eugenio, 1979- 
245 |a Diseño de un sistema externo de protección contra descargas atmosféricas y su malla de puesta a tierra para el Hospital San Juan de Dios  
260 |a [San José, Costa Rica]  |c 2013 
500 |a Tesis (licenciatura en ingeniería eléctrica)--Universidad de Costa Rica. Facultad de Ingeniería. Escuela de Ingeniería Eléctrica 
501 |a Director de Tesis de Graduación: Ing. Jorge Romero, Ph.D 
650 |x DESCARGAS ELECTRICAS - PROTECCION - COSTA RICA  |x DESCARGAS ELECTRICAS - MEDIDAS DE SEGURIDAD - COSTA RICA   |x  CONEXION A TIERRA (ELECTRICIDAD)  |x CONDUCTIVIDAD ELECTRICA  |x  EDIFICIOS - PROTECCION - COSTA RICA   |x ELECTRICIDAD ATMOSFERICA - MEDIDAS DE SEGURIDAD  |x RAYOS ATMOSFERICOS - PROTECCION - COSTA RICA  |x HOSPITAL SAN JUAN DE DIOS (COSTA RICA)   |9 456 
700 |9 359  |a Romero Chacón, Jorge Arturo, 1961-  |d Director del TFG 
942 |c CEDI  |h TFG 7087  |6 TFG_7087_000000000000000 
999 |c 13698  |d 13698